[Event "IECC M-5084"]
[Site "IECC email"]
[Date "2004.07.19"]
[Round "?"]
[White "Butcher, Robert"]
[Black "Landus, Ed"]
[Result "1-0"]
[WhiteElo "975"]
[BlackElo "1113"]
[PlyCount "63"]
[EventDate "2004.??.??"]
[EventType "tourn (corr)"]
[EventRounds "10"]
[SourceTitle "Corr 2020"]
[Source "ChessBase"]
[SourceDate "2019.09.30"]
[SourceVersion "1"]
[SourceVersionDate "2019.09.30"]
[SourceQuality "1"]
[WhiteTeam "United States"]
[BlackTeam "United States"]
[WhiteTeamCountry "USA"]
[BlackTeamCountry "USA"]

1. d4 d5 2. Nc3 c5 3. Nf3 Nc6 4. Bg5 Nf6 5. e3 Bg4 6. Bxf6 exf6 7. Bb5 Be7 8. 0-0 0-0 9. dxc5 Qa5 10. Qxd5 Rad8 11. Qc4 Bxf3 12. gxf3 Ne5 13. Qa4 Qc7 14. Be2 Bxc5 15. Ne4 Bb6 16. c3 a6 17. b4 Ba7 18. Rad1 Nd7 19. Kh1 Bb8 20. f4 g5 21. Rg1 Kh8 22. Rg2 gxf4 23. exf4 Qxf4 24. Ng3 Rg8 25. Rxd7 b5 26. Qd1 Bc7 27. a4 a5 28. bxa5 Bxa5 29. Bxb5 Bxc3 30. Rxd8 Rxd8 31. Qxd8+ Kg7 32. Nf5# 1-0

[Event "IECC M-5084"]
[Site "IECC email"]
[Date "2004.07.19"]
[Round "?"]
[White "Landus, Ed"]
[Black "Butcher, Robert"]
[Result "1-0"]
[WhiteElo "1091"]
[BlackElo "997"]
[PlyCount "61"]
[EventDate "2004.??.??"]
[EventType "tourn (corr)"]
[EventRounds "10"]
[SourceTitle "Corr 2020"]
[Source "ChessBase"]
[SourceDate "2019.09.30"]
[SourceVersion "1"]
[SourceVersionDate "2019.09.30"]
[SourceQuality "1"]
[WhiteTeam "United States"]
[BlackTeam "United States"]
[WhiteTeamCountry "USA"]
[BlackTeamCountry "USA"]

1. d4 d5 2. c4 Nf6 3. Nc3 Bg4 4. Nf3 Nc6 5. Bg5 dxc4 6. e4 Bxf3 7. Qxf3 h6 8. Bxf6 exf6 9. d5 Nb4 10. Qd1 Bc5 11. Bxc4 f5 12. 0-0 fxe4 13. Nxe4 Bd6 14. Nxd6+ cxd6 15. Qa4+ Nc6 16. dxc6 0-0 17. cxb7 Rb8 18. Qxa7 d5 19. Rad1 Qc7 20. Bxd5 Rfd8 21. Rc1 Qd6 22. Rfd1 Qd7 23. g3 g6 24. Rc4 Kg7 25. Rf4 f6 26. Rfd4 h5 27. Bc6 Qf5 28. Rxd8 Rxd8 29. Rxd8 Qb1+ 30. Kg2 Qc2 31. Rg8+ 1-0

[Event "IECC M-5012"]
[Site "IECC email"]
[Date "2004.04.19"]
[Round "?"]
[White "Burns, Paul"]
[Black "Landus, Ed"]
[Result "0-1"]
[WhiteElo "1011"]
[BlackElo "1101"]
[PlyCount "94"]
[EventDate "2004.??.??"]
[EventType "tourn (corr)"]
[EventRounds "10"]
[SourceTitle "Corr 2020"]
[Source "ChessBase"]
[SourceDate "2019.09.30"]
[SourceVersion "1"]
[SourceVersionDate "2019.09.30"]
[SourceQuality "1"]
[WhiteTeam "New Zealand"]
[BlackTeam "United States"]
[WhiteTeamCountry "NZL"]
[BlackTeamCountry "USA"]

1. e4 e5 2. Nf3 Nc6 3. Nc3 Nf6 4. Bc4 Bc5 5. Ng5 0-0 6. a3 d6 7. d3 Bg4 8. f3 Bh5 9. g4 Bg6 10. b4 Bd4 11. Bb2 h6 12. Nh3 Qd7 13. b5 Na5 14. a4 Nxc4 15. dxc4 Bh7 16. Rb1 h5 17. Ng5 Bg6 18. Ne2 Bxb2 19. Rxb2 hxg4 20. Nc3 gxf3 21. Qxf3 Qg4 22. Qxg4 Nxg4 23. h3 Ne3 24. Ke2 Nxc4 25. Rb4 Nb6 26. a5 Nd7 27. Nd5 Rae8 28. Nxc7 Rc8 29. Nd5 Rxc2+ 30. Kf3 Bh5+ 31. Kg3 f5 32. Ne7+ Kh8 33. Kh4 Be8 34. Kg3 f4+ 35. Kg4 Nf6+ 36. Kf5 Nd5+ 37. Ke6 Nxb4 38. Kxd6 f3 39. Kxe5 Rc5+ 40. Kd4 Rxg5 41. Ke3 f2 42. Rf1 Nc2+ 43. Kd2 Bxb5 44. Rc1 Ne1 45. Rxe1 fxe1Q+ 46. Kxe1 Rg2 47. Nd5 Rf1# 0-1